<?xml version="1.0" encoding="UTF-8"?>
<record
    xmlns:xsi="http://www.w3.org/2001/XMLSchema-instance"
    xsi:schemaLocation="http://www.loc.gov/MARC21/slim http://www.loc.gov/standards/marcxml/schema/MARC21slim.xsd"
    xmlns="http://www.loc.gov/MARC21/slim">

  <leader>01804cam a2200229   4500500</leader>
  <controlfield tag="005">20260412001147.0</controlfield>
  <datafield tag="041" ind1=" " ind2=" ">
    <subfield code="a">fre</subfield>
  </datafield>
  <datafield tag="042" ind1=" " ind2=" ">
    <subfield code="a">dc</subfield>
  </datafield>
  <datafield tag="100" ind1="1" ind2="0">
    <subfield code="a">Lucas, Fabio Roberto</subfield>
    <subfield code="e">author</subfield>
  </datafield>
  <datafield tag="700" ind1="1" ind2="0">
    <subfield code="a">Philipson, Gabriel Salvi</subfield>
    <subfield code="e">author</subfield>
  </datafield>
  <datafield tag="245" ind1="0" ind2="0">
    <subfield code="a">L&#x2019;infantilisation de la politique et la politisation de l&#x2019;enfance&#xA0;: enjeux de la litt&#xE9;rature et de l&#x2019;&#xE9;ducation dans l&#x2019;Anthropoc&#xE8;ne</subfield>
  </datafield>
  <datafield tag="260" ind1=" " ind2=" ">
    <subfield code="c">2026.
							</subfield>
  </datafield>
  <datafield tag="500" ind1=" " ind2=" ">
    <subfield code="a">10</subfield>
  </datafield>
  <datafield tag="520" ind1=" " ind2=" ">
    <subfield code="a">Un peu partout dans le monde, la litt&#xE9;rature pour enfants est devenu un lieu de pol&#xE9;miques. L&#x2019;extr&#xEA;me-droite pr&#xE9;tend lutter contre la politisation de l&#x2019;enfance par les &#xAB;&#xA0;wokistes&#xA0;&#xBB;&#xA0;; ses adversaires l&#x2019;accusent d&#x2019;infantiliser la politique (no adults in the room). Les deux th&#xE9;oriciens br&#xE9;siliens de la litt&#xE9;rature, Fabio Roberto Lucas et Gabriel Salvi Philipson, proposent de voir dans ces conflits le sympt&#xF4;me d&#x2019;un changement de position de l&#x2019;enfance par rapport &#xE0; l&#x2019;&#xE2;ge adulte, lui-m&#xEA;me li&#xE9; au bouleversement d&#x2019;autres grands partages, comme celui entre la nature et la culture, le sauvage et le civilis&#xE9;&#xA0;-&#xA0;bouleversement &#xE9;troitement li&#xE9; &#xE0; l&#x2019;entr&#xE9;e dans l&#x2019;anthropoc&#xE8;ne. Que deviendrait l&#x2019;&#xE9;ducation esth&#xE9;tique, si on ne concevait plus l&#x2019;enfant comme un &#xEA;tre isol&#xE9; &#xE0; socialiser, mais au contraire comme un &#xEA;tre qui voit tout parce qu&#x2019;il traverse toutes les fronti&#xE8;res, y compris celles entre les esp&#xE8;ces&#xA0;-&#xA0;un &#xEA;tre non pas pr&#xE9;politique mais cosmopolitique&#xA0;?</subfield>
  </datafield>
  <datafield tag="690" ind1=" " ind2=" ">
    <subfield code="a">#AM&#xC9;RIQUE LATINE</subfield>
  </datafield>
  <datafield tag="690" ind1=" " ind2=" ">
    <subfield code="a">#ANTHROPOLOGIE</subfield>
  </datafield>
  <datafield tag="690" ind1=" " ind2=" ">
    <subfield code="a">#ENFANCE</subfield>
  </datafield>
  <datafield tag="690" ind1=" " ind2=" ">
    <subfield code="a">#LITT&#xC9;RATURE</subfield>
  </datafield>
  <datafield tag="690" ind1=" " ind2=" ">
    <subfield code="a">&#xC9;TUDES</subfield>
  </datafield>
  <datafield tag="786" ind1="0" ind2=" ">
    <subfield code="n">Les Temps qui restent | 7 | 3 | 2026-02-20 | p. 293-306 | 3038-0464</subfield>
  </datafield>
  <datafield tag="856" ind1="4" ind2="1">
    <subfield code="u">https://shs.cairn.info/revue-les-temps-qui-restent-2025-3-page-293?lang=fr&amp;redirect-ssocas=7080</subfield>
  </datafield>
  <datafield tag="999" ind1=" " ind2=" ">
    <subfield code="c">2211303</subfield>
    <subfield code="d">2211303</subfield>
  </datafield>
</record>
